[Event "9th Ugra Governor's Cup"]
[Site "Khanty-Mansiysk RUS"]
[Date "2013.12.06"]
[Round "9.16"]
[White "Goryachkina,A"]
[Black "Belyakov,B"]
[Result "1/2-1/2"]
[WhiteElo "2438"]
[BlackElo "2454"]

1.d4 Nf6 2.c4 g6 3.Nc3 Bg7 4.e4 O-O 5.Nf3 d6 6.Be2 e5 7.O-O exd4 8.Nxd4 Re8
9.f3 Nc6 10.Nc2 Nh5 11.g4 Be5 12.gxh5 Bxh2+ 13.Kxh2 Qh4+ 14.Kg1 Qg3+ 15.Kh1 Qh3+
16.Kg1 Qg3+ 17.Kh1 Qh3+ 18.Kg1  1/2-1/2

[Event "9th Ugra Governor's Cup"]
[Site "Khanty-Mansiysk RUS"]
[Date "2013.12.06"]
[Round "9.23"]
[White "Savchenko,B"]
[Black "Savitskiy,S"]
[Result "1-0"]
[WhiteElo "2602"]
[BlackElo "2363"]

1.d4 Nf6 2.c4 g6 3.Nc3 Bg7 4.e4 d6 5.Nf3 O-O 6.Be2 e5 7.d5 a5 8.Bg5 Na6 9.Nd2 h6
10.Be3 Nh7 11.O-O f5 12.f3 f4 13.Bf2 g5 14.a3 h5 15.b4 Rf6 16.c5 Rg6 17.g4 fxg3
18.hxg3 g4 19.Nc4 gxf3 20.Bxf3 h4 21.Bh5 Rg5 22.cxd6 Nf6 23.dxc7 Nxc7 24.Bf3 Ng4
25.Bb6 Ra6 26.d6 Rxb6 27.dxc7 Qxc7 28.Nd5 Qxc4 29.Rc1 Ne3 30.Rxc4 Rxg3+ 31.Kf2  1-0

[Event "FSGM December 2013"]
[Site "Budapest HUN"]
[Date "2013.12.07"]
[Round "1.4"]
[White "Fodor,T jr"]
[Black "Sean,W"]
[Result "1-0"]
[WhiteElo "2461"]
[BlackElo "2344"]

1.d4 Nf6 2.c4 g6 3.Nc3 Bg7 4.e4 d6 5.Nf3 O-O 6.Be2 e5 7.Be3 exd4 8.Nxd4 Re8
9.f3 Nc6 10.Qd2 Nh5 11.Nxc6 bxc6 12.g4 Nf6 13.Bg5 h6 14.Bf4 Rb8 15.O-O-O Bxg4
16.Bxh6 Nxe4 17.fxe4 Bxe2 18.Bxg7 Kxg7 19.Qxe2  1-0

[Event "TCh-AUT 1st Bundesliga 2013-14"]
[Site "Jenbach AUT"]
[Date "2013.12.07"]
[Round "2.1"]
[White "Postny,E"]
[Black "Kozul,Z"]
[Result "1/2-1/2"]
[WhiteElo "2633"]
[BlackElo "2590"]

1.d4 Nf6 2.c4 g6 3.Nc3 Bg7 4.e4 d6 5.Nf3 O-O 6.Be2 e5 7.O-O c6 8.Be3 exd4
9.Bxd4 Re8 10.Qc2 Bg4 11.Rad1 Qe7 12.h3 Bxf3 13.Bxf3 Nbd7 14.Rfe1 Ne5 15.Be2 c5
16.Bxe5 dxe5 17.Qa4 Bh6 18.Nd5 Nxd5 19.Rxd5 Red8 20.Red1 Rxd5 21.Rxd5 b6
22.Qd1 Qg5 23.g3 Qc1 24.Rxe5 Qxb2 25.Re7 Bg7 26.e5 Bf8 27.Rd7 Qxe5 28.Bf3 Re8
29.Rxa7 Re7 30.Rxe7 Qxe7 31.Qe2  1/2-1/2

[Event "5th Classic Open 2013"]
[Site "London ENG"]
[Date "2013.12.07"]
[Round "1.91"]
[White "Taylor,Pe"]
[Black "Tsifanskaya,L"]
[Result "1-0"]
[WhiteElo "2222"]
[BlackElo "2093"]

1.c4 Nf6 2.Nf3 g6 3.Nc3 Bg7 4.e4 d6 5.d4 O-O 6.Be2 Na6 7.O-O e5 8.Re1 Qe8
9.Bf1 Bg4 10.d5 h6 11.h3 Bd7 12.Bd2 Nh5 13.Qc1 Kh7 14.g4 Nf6 15.Rb1 Ng8 16.b4 f5
17.exf5 gxf5 18.Nh4 Bf6 19.Nxf5 Bxf5 20.gxf5 Qh5 21.Qd1 Qxd1 22.Rexd1 Kh8
23.Ne4 Bg7 24.c5 dxc5 25.bxc5 Nf6 26.Nxf6 Rxf6 27.c6 Nc5 28.cxb7 Rb8 29.Be3 Bf8
30.Rb5 a6 31.Rxc5 Bxc5 32.Bxc5 Rxb7 33.f4 Rxf5 34.fxe5  1-0

[Event "TCh-CZE Vychod 2013-14"]
[Site "Czech Rep CZE"]
[Date "2013.12.08"]
[Round "4.7"]
[White "Kubos,R"]
[Black "Senkyr,M"]
[Result "1/2-1/2"]
[WhiteElo "2199"]
[BlackElo "2186"]

1.c4 Nf6 2.Nc3 g6 3.e4 d6 4.d4 Bg7 5.Nf3 O-O 6.Be2 e5 7.dxe5 dxe5 8.Qxd8 Rxd8
9.Nd5 Nxd5 10.cxd5 c6 11.Bc4 b5 12.Bb3 Bb7 13.Bg5 Rd7 14.Rc1 h6 15.Be3 Kh7
16.Ke2 cxd5 17.exd5 Na6 18.Rhd1 Nb4 19.Rc5 e4 20.Nd4 Nd3 21.Rc2 a6 22.f3 Nb4
23.Rcd2 Nxd5 24.Nc2 exf3+ 25.gxf3 Nxe3 26.Rxd7 Nxd1 27.Rxb7 Nxb2 28.Bxf7 Rf8
29.Ne3 h5 30.Ng2 Nc4 31.Nh4 Ne5 32.Bd5 Kh6 33.Rb6 Rf6 34.Rxf6 Bxf6 35.f4 Nd7
36.Nf3 Nc5 37.Nd2 Kg7 38.Ne4 Be7 39.Nxc5 Bxc5 40.Kd3 Kf6 41.Ke4 Bd6 42.h3 Bc5  1/2-1/2

[Event "TCh-AUT 1st Bundesliga 2013-14"]
[Site "Jenbach AUT"]
[Date "2013.12.08"]
[Round "3.2"]
[White "Prusikin,M"]
[Black "Rapport,R"]
[Result "1/2-1/2"]
[WhiteElo "2532"]
[BlackElo "2687"]

1.d4 Nf6 2.Nf3 d6 3.c4 g6 4.Nc3 Bg7 5.e4 O-O 6.Be2 c6 7.O-O e5 8.dxe5 dxe5
9.Qxd8 Rxd8 10.Nxe5 Nxe4 11.Nxe4 Bxe5 12.Bg5 Re8 13.Bf3 Be6 14.Rfe1 Nd7 15.Rad1 Bxb2
16.Nd6 Reb8 17.Bf4 a5 18.Nxf7 Kxf7 19.Rxe6 Kxe6 20.Bg4+ Kf6 21.Rd6+ Kg7 22.Rxd7+ Kg8
23.Be6+ Kh8 24.Bxb8 Rxb8 25.Rc7 Be5 26.Rc8+ Kg7 27.Rxb8 Bxb8 28.c5 Kf6 29.Bc8 Ke5
30.Bxb7 Kd5 31.a4 Kxc5 32.Kf1 Kb6 33.Ba8 Kc5 34.h3 Kd6 35.Ke2 Ba7 36.f4 Bg1
37.Kd3 Bh2 38.Ke4 c5 39.Bd5 Bxf4 40.Bg8 g5  1/2-1/2

[Event "TCh-SVK Ext 2013-14"]
[Site "Slovakia SVK"]
[Date "2013.12.08"]
[Round "4.5"]
[White "Serbin,R"]
[Black "Csolto,R"]
[Result "1/2-1/2"]
[WhiteElo "1969"]
[BlackElo "2260"]

1.d4 Nf6 2.c4 d6 3.Nc3 g6 4.e4 Bg7 5.Nf3 O-O 6.Be2 Nbd7 7.O-O e5 8.Be3 h6
9.dxe5 dxe5 10.Nd2 c6 11.Qc2 Qe7 12.a3 a5 13.Na4 c5 14.Nb3 b6 15.Rfd1 Bb7  1/2-1/2

[Event "6th Kolkata Open"]
[Site "Kolkata IND"]
[Date "2013.12.09"]
[Round "5.15"]
[White "Swayams,M"]
[Black "Ziatdinov,R"]
[Result "1-0"]
[WhiteElo "2440"]
[BlackElo "2357"]

1.d4 Nf6 2.c4 g6 3.Nc3 Bg7 4.e4 d6 5.Nf3 O-O 6.Be2 e5 7.O-O exd4 8.Nxd4 Re8
9.f3 Nc6 10.Be3 Nh5 11.Nxc6 bxc6 12.g4 Nf6 13.Qd2 h5 14.g5 Nh7 15.f4 c5 16.Bf3 Rb8
17.Rae1 Bh3 18.Rf2 f6 19.f5 Nxg5 20.fxg6 Be6 21.Bg2 Bxc4 22.b3 Ba6 23.Qd5+ Kh8
24.Qd1 Re5 25.Qxh5+ Kg8 26.Rf5 Ne6 27.Qh7+ Kf8 28.Bh6  1-0

[Event "5th Classic Open 2013"]
[Site "London ENG"]
[Date "2013.12.10"]
[Round "4.18"]
[White "Stephan,Ax"]
[Black "Nevednichy,V"]
[Result "0-1"]
[WhiteElo "2250"]
[BlackElo "2604"]

1.Nf3 g6 2.e4 Bg7 3.d4 d6 4.c4 Nf6 5.Nc3 O-O 6.Be2 Nbd7 7.O-O e5 8.Qc2 Nh5
9.Rd1 Nf4 10.Bf1 c5 11.Nb5 cxd4 12.Bxf4 exf4 13.Nxd6 Ne5 14.Nxe5 Qxd6 15.Nf3 Bg4
16.Be2 Bxf3 17.Bxf3 Be5 18.c5 Qe7 19.Rac1 h5 20.h3 Kg7 21.Qe2 Rac8 22.b4 Rh8
23.Rc2 Qh4 24.Qc4 Qf6 25.Qe2 Rc7 26.a4 Qh4 27.Qc4 g5 28.Rxd4 g4 29.Rd5 Re7
30.Rxe5 Rxe5 31.Qd4 Re8 32.hxg4 hxg4 33.Be2 Kg8 34.f3 gxf3 35.Bxf3 Qe1+ 36.Kh2 R5e6  0-1

[Event "5th Penang Open 2013"]
[Site "George Town MAS"]
[Date "2013.12.11"]
[Round "5.3"]
[White "Yoseph,Theolifus Taher"]
[Black "Nouri,H"]
[Result "0-1"]
[WhiteElo "2242"]
[BlackElo "2355"]

1.e4 d6 2.d4 g6 3.c4 Bg7 4.Nc3 Nf6 5.Nf3 O-O 6.Be2 Nbd7 7.O-O e5 8.d5 Nc5
9.Qc2 a5 10.Be3 Ne8 11.Nd2 f5 12.f3 f4 13.Bf2 h5 14.a3 g5 15.b4 Na6 16.Qd1 Rf6
17.Kh1 Rg6 18.Rg1 axb4 19.axb4 Bd7 20.c5 Nxb4 21.Qb3 Rxa1 22.Rxa1 dxc5 23.Bxc5 Na6
24.Bg1 Bc8 25.Nb5 Nd6 26.Nxd6 cxd6 27.Qb6 Qxb6 28.Bxb6 Bf8 29.Nb3 g4 30.Rc1 gxf3
31.Bxa6 fxg2+ 32.Kg1 Bg4 33.Bxb7 Be2 34.Re1 f3 35.Nc1 Bc4 36.Bf2 Bh6 37.Bc6 Rf6
38.Ba4 Rf8 39.Bb3 Ba6 40.Bc2 Rb8 41.Bd3 Bc8 42.Be3 Rb2 43.Bf2 Bg5 44.Rd1 Bg4  0-1

[Event "63rd ch-HUN 2013"]
[Site "Gyula HUN"]
[Date "2013.12.11"]
[Round "9.1"]
[White "Medvegy,Z"]
[Black "Toth,E"]
[Result "1-0"]
[WhiteElo "2537"]
[BlackElo "2477"]

1.d4 Nf6 2.c4 g6 3.Nc3 Bg7 4.e4 d6 5.Be2 O-O 6.Nf3 e5 7.Be3 Na6 8.O-O Ng4
9.Bg5 f6 10.Bh4 Qe8 11.c5 exd4 12.Nxd4 dxc5 13.Nb3 Ne5 14.Bxa6 bxa6 15.Nxc5 Rb8
16.b3 Kh8 17.Rc1 Qf7 18.f4 Nc6 19.Qd5 Qe8 20.h3 Rb4 21.Bf2 f5 22.a3 Ne7 23.Qd2 Rb6
24.e5 g5 25.fxg5 f4 26.N3e4 Qg6 27.Bd4 Nc6 28.Ba1 f3 29.e6 Rd8 30.Bxg7+ Qxg7
31.Qf2 Nd4 32.gxf3 Bxe6 33.Nxe6 Rxe6 34.Rfd1 Re5 35.Kh1 Red5 36.h4 Qd7 37.Kg2 Qf5
38.Nf6 R5d6 39.Ne4 Nxf3 40.Rxd6 Qg4+ 41.Qg3 Nxh4+ 42.Kh2 Nf3+ 43.Qxf3  1-0

[Event "5th Penang Open 2013"]
[Site "George Town MAS"]
[Date "2013.12.12"]
[Round "6.37"]
[White "Ong,Way"]
[Black "Kow,Jonathan"]
[Result "1-0"]
[WhiteElo "2018"]
[BlackElo "1712"]

1.d4 Nf6 2.c4 g6 3.Nc3 Bg7 4.e4 d6 5.Nf3 O-O 6.Be2 e5 7.d5 Ne8 8.Bg5 f6 9.Bh4 g5
10.Bg3 f5 11.exf5 Bxf5 12.Qd2 h6 13.Bd3 Bxd3 14.Qxd3 Nf6 15.O-O-O Nbd7 16.Nd2 Nc5
17.Qc2 c6 18.dxc6 bxc6 19.b4 Ne6 20.Nb3 Qc7 21.h4 g4 22.Rhe1 a6 23.c5 dxc5
24.Bxe5 Qb6 25.Bxf6 Rxf6 26.Ne4 Rf7 27.Nd6 Rf6 28.Rxe6 Rxe6 29.Qc4 Qxb4 30.Qxe6+ Kh8
31.Kb1 a5 32.Nc8 Bd4 33.Qxh6+ Kg8 34.Ne7+ Kf7 35.Nxc6 Qc3 36.Ncxd4 cxd4 37.Qh7+ Kf6
38.Qh6+ Kf7 39.Qf4+ Kg6 40.h5+ Kh7 41.Qf7+ Kh8 42.Qf6+ Kh7 43.Qg6+ Kh8 44.Rc1 Qb4
45.Rc7 Qe1+ 46.Kb2 Qxf2+ 47.Ka3 Qf8+ 48.Nc5 Qg8 49.Qf6+  1-0

[Event "5th Classic Open 2013"]
[Site "London ENG"]
[Date "2013.12.12"]
[Round "6.38"]
[White "Moore,Ge"]
[Black "Grove,Michael"]
[Result "1-0"]
[WhiteElo "2215"]
[BlackElo "2091"]

1.Nf3 Nf6 2.c4 g6 3.Nc3 Bg7 4.e4 O-O 5.d4 d6 6.Be2 Nbd7 7.O-O e5 8.Be3 exd4
9.Nxd4 Nc5 10.Qc2 Ng4 11.Bxg4 Bxg4 12.h3 Bd7 13.Rad1 a5 14.Ndb5 b6 15.Bd4 f6
16.Rfe1 Ne6 17.Be3 f5 18.exf5 Rxf5 19.Nd5 Rb8 20.Nd4 Rf7 21.Nxe6 Bxe6 22.Bd4 Bf5
23.Qc3 Bxd4 24.Qxd4 b5 25.cxb5 Rxb5 26.Ne7+ Rxe7 27.Qc4+ Rf7 28.Qxb5 Qf6
29.Rd2 Qg5 30.Qd5 c6 31.Re8+ Kg7 32.Qd4+ Kh6 33.Qe3 Qxe3 34.Rxe3 Rb7 35.Ra3 Rb5
36.Rxd6 Rxb2 37.Rxc6 Bb1 38.Rb3 Rc2 39.Rxc2 Bxc2 40.Rc3 Bd1 41.Kf1  1-0

[Event "Russian Cup Final 2013"]
[Site "Khanty-Mansiysk RUS"]
[Date "2013.12.13"]
[Round "1.2"]
[White "Savchenko,B"]
[Black "Kokarev,Dm"]
[Result "1-0"]
[WhiteElo "2602"]
[BlackElo "2631"]

1.d4 Nf6 2.c4 g6 3.Nc3 Bg7 4.e4 d6 5.Nf3 O-O 6.Be2 e5 7.d5 a5 8.O-O Na6 9.Bg5 h6
10.Be3 Ng4 11.Bd2 f5 12.g3 f4 13.Nh4 Qg5 14.Kh1 Rf7 15.Bf3 Bd7 16.Qe2 Raf8
17.Bxg4 Bxg4 18.f3 Bd7 19.Rg1 Qh5 20.Nxg6 Qxg6 21.gxf4 Qh5 22.f5 Kh8 23.Rg3 Bf6
24.Rag1 Rg7 25.Rxg7 Bxg7 26.Nd1 Bxf5 27.exf5 Qxf5 28.Rg3 Nc5 29.Nf2 a4 30.Be3 e4
31.Bxc5 exf3 32.Qe7 Rg8 33.Bb4 Qc2 34.Qe1 Qxb2 35.a3 Qc2 36.Rxf3 Qxc4 37.Rd3 Rf8
38.Qe4 b5 39.Qxc4 bxc4 40.Rd2 c3 41.Rc2 Rf5 42.Kg2 Rxd5 43.Bxc3 c5 44.Bxg7+ Kxg7
45.Rc4 Rd2 46.Kf3 Ra2 47.Rxa4 Kf6 48.h4 h5 49.Ra6 Ke5 50.Nd3+ Kf5 51.Ra8 Rh2
52.Rf8+ Ke6 53.Nf4+ Ke7 54.Rh8 Ra2 55.Rh7+ Kf6 56.Nxh5+ Kg6 57.Rh8 Rxa3+
58.Kg4 Ra1 59.Rc8 Rd1 60.Rc7 Kh6 61.Nf4 Rg1+ 62.Kf5 Rh1 63.h5 Rd1 64.Re7 c4
65.Re6+ Kh7 66.Re7+ Kh6 67.Rc7 d5 68.Rc6+ Kh7 69.Nh3 Rf1+ 70.Kg4 Kg8 71.h6  1-0

[Event "20th Zadar Open A 2013"]
[Site "Zadar CRO"]
[Date "2013.12.15"]
[Round "1.2"]
[White "Sumets,A"]
[Black "Cabarkapa,N"]
[Result "1-0"]
[WhiteElo "2614"]
[BlackElo "2404"]

1.d4 Nf6 2.c4 g6 3.Nc3 Bg7 4.e4 d6 5.Nf3 O-O 6.Be2 e5 7.dxe5 dxe5 8.Qxd8 Rxd8
9.Nd5 Nxd5 10.cxd5 c6 11.Bc4 cxd5 12.Bxd5 Na6 13.Bg5 Re8 14.O-O Nb4 15.Bb3 Be6
16.Bxe6 Rxe6 17.Rfd1 f6 18.Bd2 Nc6 19.Be3 Bf8 20.Rd7 Re7 21.Rad1 Kf7 22.g4 g5
23.a3 Ke8 24.R7d5 b6 25.Rd6 Rd8 26.R1d5 Rxd6 27.Rxd6 Nd4 28.Nxd4 exd4 29.Rxd4 Rc7
30.Kg2 Be7 31.Kf3 Kf7 32.Rd1 Ke6 33.Ke2 Bd6 34.h3 h5 35.Rc1 Rh7 36.Rc8 hxg4
37.hxg4 Kd7 38.Ra8 Kc6 39.Bd4 Rf7 40.a4 Bc5 41.Bc3 Kb7 42.Rg8 a6 43.f3 b5
44.axb5 axb5 45.Rg6 Be7 46.Bd4 Kc6 47.Kd3 Kd7 48.Rh6 Rf8 49.Rh7 Rd8 50.Bb6 Rc8
51.Rh1 Ke6 52.Ra1 Rh8 53.Ra6 Kf7 54.Bd4 Rh1 55.Rb6 Rd1+ 56.Ke3 b4 57.Rb5 Bd6
58.e5 fxe5 59.Bxe5 Re1+ 60.Kd4 Be7 61.Kd3 Ke6 62.Bd4 Rd1+ 63.Ke4 Re1+ 64.Be3 Re2
65.b3 Kf7 66.Kd3 Rb2 67.Bxg5 Rxb3+ 68.Ke4 Bf8 69.Be3 Rb1 70.f4 b3 71.Bd4 Ba3
72.Kf5 b2 73.g5  1-0

[Event "20th Zadar Open A 2013"]
[Site "Zadar CRO"]
[Date "2013.12.18"]
[Round "6.4"]
[White "Bosiocic,Mari"]
[Black "Kozul,Z"]
[Result "0-1"]
[WhiteElo "2542"]
[BlackElo "2590"]

1.d4 Nf6 2.c4 d6 3.Nc3 Nbd7 4.e4 e5 5.Nf3 g6 6.Be2 Bg7 7.O-O O-O 8.Be3 c6
9.Qc2 Ng4 10.Bg5 Bf6 11.Bxf6 Ngxf6 12.Rad1 Qe7 13.c5 dxc5 14.dxe5 Ng4 15.e6 fxe6
16.Nd2 Nh6 17.Nc4 e5 18.Nd6 Nf6 19.Bc4+ Kg7 20.a4 b6 21.Rd2 Be6 22.Bxe6 Qxe6
23.Rfd1 Rad8 24.a5 Nf7 25.Nxf7 Rxd2 26.Rxd2 Rxf7 27.Na4 Rd7 28.axb6 axb6
29.Nxb6 Rxd2 30.Qxd2 Nxe4 31.Qd7+ Qf7 32.f3 Nf6 33.Qxc6 Qb3 34.Qd6 Qe3+ 35.Kf1 Qc1+
36.Ke2 Qxb2+ 37.Kd3 e4+ 38.fxe4 Qb1+ 39.Kc4 Qb4+ 40.Kd3 Qxe4+ 41.Kc3 Qb4+
42.Kc2 g5 43.Nc8 Qe4+ 44.Kc3 Nd5+ 45.Kb3 c4+ 46.Ka3 c3 47.Nb6 c2 48.Qd7+ Kh6
49.Qc6+ Qg6  0-1

[Event "Al-Ain Classic Open A 2013"]
[Site "Al-Ain UAE"]
[Date "2013.12.22"]
[Round "4.12"]
[White "Supatashvili,K"]
[Black "Kovalev,Vl"]
[Result "1/2-1/2"]
[WhiteElo "2455"]
[BlackElo "2574"]

1.d4 Nf6 2.c4 g6 3.Nc3 Bg7 4.e4 d6 5.Nf3 O-O 6.Be2 e5 7.O-O Na6 8.Be3 Ng4
9.Bg5 Qe8 10.h3 exd4 11.Nd5 f6 12.Bf4 Ne5 13.Nxd4 c6 14.Nc3 Nc5 15.Bg3 f5
16.exf5 gxf5 17.Bf4 Ne4 18.Rc1 Ng6 19.Bh5 Qe7 20.Bxg6 hxg6 21.Nf3 Bxc3 22.bxc3 g5
23.Nxg5 Nxg5 24.Bxd6 Qf6 25.Bxf8 Kxf8 26.Re1 Be6 27.Qd6+ Kf7 28.Rb1 b6 29.Qxc6 Rg8
30.Qc7+ Qe7 31.Qxe7+ Kxe7 32.Kh2 Rc8 33.f3 Rxc4 34.Re3 Ra4 35.Re2 Kf6 36.Rb4 Ra3
37.h4 Nf7 38.g4 Bxa2 39.Rf4 Ra5 40.c4 Bb3 41.g5+ Nxg5 42.hxg5+ Kxg5 43.Kg3 Ra4
44.Rd4  1/2-1/2

[Event "51st Groningen Open A 2013"]
[Site "Groningen NED"]
[Date "2013.12.22"]
[Round "2.47"]
[White "Maris,Iv"]
[Black "Bakels,Anton"]
[Result "1/2-1/2"]
[WhiteElo "2161"]
[BlackElo "2026"]

1.d4 Nf6 2.c4 g6 3.Nc3 Bg7 4.e4 d6 5.Nf3 O-O 6.Be2 Na6 7.O-O e5 8.Be3 Ng4
9.Bg5 Qe8 10.dxe5 dxe5 11.h3 h6 12.Bd2 Nf6 13.Be3 Qe7 14.Nd5 Qd8 15.Qc2 c6
16.Nxf6+ Qxf6 17.c5 Nb8 18.Rfd1 Qe7 19.Nd2 Nd7 20.b4 f5 21.f3 Nf6 22.Nc4 fxe4
23.fxe4 Nxe4 24.Qxe4 Bf5 25.Qf3 Bd3 26.Bxd3 Rxf3 27.gxf3 e4 28.Bxe4 Bxa1
29.Rxa1 Qe6 30.Rc1 Qxh3 31.Rc2 Qg3+ 32.Kf1 Rf8 33.Ke2 Qg2+ 34.Bf2 g5 35.Ne3 Qh3
36.Rd2 Qe6 37.Rd6 Qxa2+ 38.Kf1 Qa1+ 39.Kg2 Rf6 40.Nf5 h5 41.Rd8+ Kf7 42.Rd7+ Ke8
43.Rxb7 g4 44.Nd6+ Kf8 45.Rb8+ Ke7 46.fxg4 hxg4 47.Bxc6 Rxf2+ 48.Kxf2 g3+
49.Kxg3 Qg1+ 50.Kf4 Qf2+ 51.Ke5 Qb2+ 52.Kd5 Qb3+ 53.Kd4 Qd1+ 54.Kc3 Qc1+
55.Kb3 Qd1+ 56.Kb2 Qd2+ 57.Ka3 Qd3+ 58.Ka4 Qa6+ 59.Kb3 Qd3+  1/2-1/2

[Event "Chinese Teams 2013"]
[Site "Tianjin CHN"]
[Date "2013.12.24"]
[Round "22.2"]
[White "Lei Tingjie"]
[Black "Zhang Xiaowen"]
[Result "1/2-1/2"]
[WhiteElo "2327"]
[BlackElo "2400"]

1.d4 Nf6 2.c4 g6 3.Nc3 Bg7 4.e4 d6 5.Nf3 O-O 6.Be2 e5 7.dxe5 dxe5 8.Qxd8 Rxd8
9.Bg5 Re8 10.Nd5 Nxd5 11.cxd5 c6 12.O-O cxd5 13.exd5 e4 14.Nd2 Re5 15.Rac1 Na6
16.Bf4 Rxd5 17.Nxe4 Bf5 18.Nc3 Rd7 19.Rfd1 Rad8 20.Be3 Rxd1+ 21.Rxd1 Rxd1+
22.Nxd1 Nb4 23.Bxa7 Nxa2 24.Bb6 Nc1 25.Bf3 Nd3 26.Bxb7 Nxb2 27.Nxb2 Bxb2
28.Bd5 Kg7 29.Bd8 Bd3 30.Bb6 f5 31.f4 Bf6  1/2-1/2

[Event "30th Boeblinger Open 2013"]
[Site "Boeblingen GER"]
[Date "2013.12.26"]
[Round "1.6"]
[White "Gschnitzer,O"]
[Black "Rombach,M"]
[Result "1-0"]
[WhiteElo "2426"]
[BlackElo "2105"]

1.Nf3 Nf6 2.c4 g6 3.Nc3 Bg7 4.e4 d6 5.d4 O-O 6.Be2 e5 7.Be3 Ng4 8.Bg5 f6
9.Bh4 Nh6 10.dxe5 dxe5 11.Qxd8 Rxd8 12.Nd5 Nc6 13.Nxf6+ Bxf6 14.Bxf6 Rd6
15.Bxe5 Re6 16.Bf4 Nf7 17.Bd3 Re7 18.h3 Bf5 19.Ng5 Nfe5 20.Bxe5 Nxe5 21.O-O-O Nxd3+
22.Rxd3 Bxe4 23.Re3 Bxg2 24.Rxe7 Bxh1 25.Nxh7 Rd8 26.Rxc7 Rd4 27.Ng5 Rh4
28.Kd2 Bc6 29.b3 Rd4+ 30.Ke2 Rd6 31.b4 a6 32.a4 Bxa4 33.Rxb7 Bb3 34.c5 Rf6
35.Rb6 Rf4 36.Rxg6+ Kh8 37.Rb6 Rf5 38.Ne4  1-0

[Event "51st Groningen Open A 2013"]
[Site "Groningen NED"]
[Date "2013.12.26"]
[Round "5.23"]
[White "Zakhartsov,Vi"]
[Black "Von Meijenfeldt,Bart"]
[Result "1/2-1/2"]
[WhiteElo "2555"]
[BlackElo "2207"]

1.d4 Nf6 2.c4 g6 3.Nc3 Bg7 4.e4 d6 5.Nf3 O-O 6.Be2 e5 7.d5 a5 8.h3 Na6 9.Bg5 Qe8
10.g4 Nd7 11.Rg1 Ndc5 12.Nd2 Kh8 13.Nb3 Nxb3 14.Qxb3 f5 15.Be3 f4 16.Bd2 Bd7
17.h4 h6 18.g5 h5 19.f3 Nc5 20.Qc2 a4 21.Kf2 Ra7 22.Kg2 Qe7 23.Be1 Rfa8 24.Bf2 b6
25.Kh2 Bf8 26.Rab1 Kh7 27.Bf1 Qd8 28.Bh3 Be8 29.Rgc1 Be7 30.Bf1 Bd7 31.Be2 Na6
32.Qd1 Nc5 33.Nb5 Ra6 34.b4 axb3 35.axb3 Bxb5 36.cxb5 Ra2 37.Rc2 R8a7 38.b4 Nd7
39.Rbc1 Rxc2 40.Rxc2 Bf8 41.Qc1 Bg7 42.Bf1 Qb8 43.Bh3 Nf8 44.Kg2 Kh8 45.Rc6 Kh7
46.Qc2 Rb7 47.Bc8 Ra7 48.Qc4 Kg8 49.Bxb6 cxb6 50.Ba6 Rd7 51.Rc8 Qa7 52.Qc6 Kh7
53.Ra8 Qc7 54.Bc8 Re7 55.Kh2 Kh8 56.Bh3 Kh7 57.Ra6 Qd8 58.Ra8 Qc7 59.Kg1 Kh8
60.Kf2 Kh7 61.Ke2 Qb7 62.Bc8 Qc7 63.Kd3 Kg8 64.Kc2 Kh7 65.Kb3 Rf7 66.Bh3 Qe7
67.Kb2 Bh6 68.Qe8 Qc7 69.gxh6 Kxh6 70.Rc8 Qa7 71.Ra8 Qc7 72.Qc6 Qe7 73.Qe8 Qxh4
74.Qxf7 Qf2+ 75.Kc1 Qe1+  1/2-1/2

[Event "VII Stadium Casablanca Open 2013"]
[Site "Zaragoza ESP"]
[Date "2013.12.26"]
[Round "1.1"]
[White "Peralta,Fe"]
[Black "Iglesias Fernandez,L"]
[Result "1-0"]
[WhiteElo "2600"]
[BlackElo "1831"]

1.d4 g6 2.c4 Bg7 3.Nf3 Nf6 4.Nc3 d6 5.e4 O-O 6.Be2 e5 7.Be3 Nc6 8.d5 Ne7
9.Nd2 Ne8 10.c5 f5 11.f3 Nf6 12.Nc4 fxe4 13.fxe4 Ne8 14.Qd2 Kh8 15.O-O-O dxc5
16.Bh6 Nd6 17.Bxg7+ Kxg7 18.Nxe5 Rf2 19.Qe3 Rxg2 20.Bf3 Nef5 21.exf5 Nxf5
22.Qf4 Qg5 23.Qxg5 Rxg5 24.Ne4 Ne3 25.Nxg5 Nxd1 26.Rxd1 Kf6 27.Ngf7 Bf5 28.d6  1-0

[Event "51st Groningen Open A 2013"]
[Site "Groningen NED"]
[Date "2013.12.27"]
[Round "6.13"]
[White "Struik,T"]
[Black "Javakhadze,Z"]
[Result "0-1"]
[WhiteElo "2262"]
[BlackElo "2451"]

1.e4 g6 2.d4 Bg7 3.c4 d6 4.Nc3 Nf6 5.Nf3 O-O 6.Be2 Na6 7.O-O e5 8.dxe5 dxe5
9.Qxd8 Rxd8 10.Nxe5 Nxe4 11.Nxe4 Bxe5 12.Bg5 Re8 13.Bf3 Kg7 14.Nc3 c6 15.Na4 Bf5
16.Be3 Nb4 17.Bc5 Nd3 18.Ba3 Be6 19.Rad1 Bxc4 20.b3 Bb5 21.Be2 Nb2 22.Bxb2 Bxe2
23.Bxe5+ Rxe5 24.Rfe1 Rae8 25.Rc1 Bb5 26.Rxe5 Rxe5 27.Nc3 Ba6 28.f3 b6 29.Kf2 c5
30.Ne4 Kf8 31.Rd1 Ke7 32.Rd2 h6 33.Kg3 Bc8 34.Nc3 Be6 35.Kf2 g5 36.Nb5 a5
37.Nc7 f5 38.Nxe6 Rxe6 39.Rd5 Rd6 40.Re5+ Kf6 41.Re2 f4 42.h3 Re6 43.Rd2 Ke7
44.g3 Rd6 45.Re2+ Kd7 46.h4 Kc6 47.Kg2 b5 48.Kh3 c4 49.bxc4 bxc4 50.Kg4 fxg3
51.hxg5 hxg5 52.Kxg5 Kb5 53.Kf4 Rg6 54.Rg2 c3 55.Ke3 Kc4 56.Ke2 Kd4 57.Rg1 g2
58.Rd1+ Ke5 59.Rg1 Kf4 60.Kf2 c2 61.a3 Rg8  0-1

[Event "Cracovia Open A 2013-14"]
[Site "Krakow POL"]
[Date "2013.12.27"]
[Round "1.13"]
[White "Matuszewski,Mi"]
[Black "Ulanowski,K"]
[Result "0-1"]
[WhiteElo "2408"]
[BlackElo "2144"]

1.d4 Nf6 2.c4 g6 3.Nc3 Bg7 4.e4 d6 5.Be2 O-O 6.Nf3 e5 7.Be3 Na6 8.d5 Ng4
9.Bg5 f6 10.Bh4 h5 11.h3 Nh6 12.Qd2 Nf7 13.Bg3 Bh6 14.Qd1 Nc5 15.b4 Nd7 16.Nh4 Kh7
17.a3 a5 18.O-O axb4 19.axb4 Rxa1 20.Qxa1 Bg5 21.Qd1 f5 22.exf5 Bxh4 23.Bxh5 Nh6
24.Bxg6+ Kg7 25.Qh5 Be7 26.f4 Nf6 27.Qf3 e4 28.Nxe4 Nxe4 29.Qxe4 Nxf5 30.Bh5 Rh8
31.Bf2  0-1

[Event "30th Boeblinger Open 2013"]
[Site "Boeblingen GER"]
[Date "2013.12.28"]
[Round "5.1"]
[White "Fedorovsky,M"]
[Black "Schmitz,Th"]
[Result "1/2-1/2"]
[WhiteElo "2388"]
[BlackElo "2302"]

1.d4 Nf6 2.c4 g6 3.Nc3 Bg7 4.e4 d6 5.Nf3 O-O 6.Be2 e5 7.O-O exd4 8.Nxd4 Re8
9.f3 c6 10.Kh1 Nbd7 11.Bf4 Ne5 12.Qd2 a5 13.Rad1 a4 14.Nc2 Be6 15.c5 Nc4
16.Qc1 Nh5 17.Bg5 Qa5 18.cxd6 Nxb2 19.d7 Nxd1 20.dxe8=Q+ Rxe8 21.Nxd1 Bxa2
22.Bd2 Qd8 23.g4 Nf6 24.Bc3 Bb3 25.Nd4 Nxe4 26.Nxc6 bxc6 27.fxe4 Rxe4 28.Bf3 Qd3
29.Kg2 Rc4 30.Nb2 Qxc3 31.Nxc4 Qxc4 32.Qd2 Qd4 33.Qa5 Bf8 34.h3 a3 35.Bxc6 a2
36.Qa8 Kg7 37.Bf3 Bc5 38.Kh1 Qb2 39.Bg2 Bd4 40.Bd5 Bxd5+ 41.Qxd5 f6 42.g5 fxg5
43.h4 gxh4 44.Rf7+ Kh6 45.Rxh7+ Kxh7 46.Qg8+  1/2-1/2

[Event "51st Groningen Open A 2013"]
[Site "Groningen NED"]
[Date "2013.12.28"]
[Round "7.49"]
[White "Zojer,T"]
[Black "Brookes,C"]
[Result "0-1"]
[WhiteElo "2117"]
[BlackElo "2182"]

1.d4 Nf6 2.c4 g6 3.Nc3 Bg7 4.e4 d6 5.Nf3 O-O 6.Be2 e5 7.d5 Na6 8.Bg5 h6 9.Bh4 c5
10.O-O Nc7 11.Rb1 Bd7 12.b4 cxb4 13.Rxb4 b6 14.Ne1 Na6 15.Rb2 Qc7 16.Qc1 g5
17.Bg3 Nc5 18.f3 Nh5 19.Bf2 Nf4 20.Rc2 a6 21.Bxc5 bxc5 22.Nd3 h5 23.g3 Nh3+
24.Kg2 Qd8 25.Nf2 Nxf2 26.Rxf2 f5 27.Bd1 Bh6 28.Rb2 Ra7 29.Ba4 f4 30.Bxd7 Qxd7
31.Qb1 Kg7 32.Rb6 g4 33.Qd1 Rf6 34.Qa4 Qf7 35.Rxa6 Rxa6 36.Qxa6 fxg3 37.hxg3 Rxf3
38.Rb2 Rxg3+ 39.Kxg3 Qf3+ 40.Kh2 Bf4+ 41.Kg1 Be3+  0-1

[Event "12th Nantes Open"]
[Site "Nantes FRA"]
[Date "2013.12.28"]
[Round "3.6"]
[White "Lalic,B"]
[Black "Rider,Palmer"]
[Result "1-0"]
[WhiteElo "2492"]
[BlackElo "1631"]

1.Nf3 Nf6 2.c4 g6 3.Nc3 Bg7 4.e4 d6 5.d4 O-O 6.Be2 e5 7.Be3 Ng4 8.Bg5 f6
9.Bh4 Nc6 10.d5 Ne7 11.Nd2 Nh6 12.f3 f5 13.b4 Nf7 14.c5 a6 15.Nc4 g5 16.Bf2 f4
17.a4 h5 18.h3 Ng6 19.Rc1 Kh8 20.b5 Kg8 21.b6 Bh8 22.c6 bxc6 23.dxc6 cxb6
24.Nxb6 Rb8 25.Ncd5 Qe8 26.c7  1-0

[Event "22nd Donau Open 2013"]
[Site "Aschach AUT"]
[Date "2013.12.29"]
[Round "5.1"]
[White "Diermair,A"]
[Black "Popovic,Du"]
[Result "1/2-1/2"]
[WhiteElo "2449"]
[BlackElo "2547"]

1.d4 Nf6 2.c4 g6 3.Nc3 Bg7 4.Nf3 d6 5.e4 O-O 6.Be2 Nbd7 7.O-O e5 8.Be3 Qe7
9.Qc2 c6 10.Rad1 exd4 11.Nxd4 Nc5 12.f3 a5 13.Qd2 Nfd7 14.Nc2 Be5 15.Bh6 Re8
16.f4 Bh8 17.Bf3 a4  1/2-1/2

[Event "51st ch-IND Premier 2013"]
[Site "Jalgaon IND"]
[Date "2013.12.29"]
[Round "12.1"]
[White "Debashis,D"]
[Black "G.,A"]
[Result "1/2-1/2"]
[WhiteElo "2507"]
[BlackElo "2343"]

1.d4 Nf6 2.c4 g6 3.Nc3 Bg7 4.e4 d6 5.Nf3 O-O 6.Be2 Na6 7.O-O e5 8.Be3 h6
9.dxe5 dxe5 10.Nxe5 Nxe4 11.Nxe4 Bxe5 12.Qxd8 Rxd8 13.Bxh6 Bxb2 14.Rab1 Bd4
15.Bf3 Bf5 16.g4 Bxe4 17.Bxe4 c6 18.Kg2 Nc5 19.Bc2 Bg7 20.Be3 Bd4 21.Bg5 Rd7
22.Rbd1 Kg7 23.Rfe1 Ne6 24.Bc1 Rad8 25.f4 Bc3 26.Rxd7 Rxd7 27.Rd1 Rxd1 28.Bxd1 f5
29.h3 b5 30.cxb5 cxb5 31.Kf3 a5 32.Ke3 Nc5 33.Ke2 a4 34.Be3 Ne6 35.Kd3 Bb4
36.Bf3 Bd6 37.Bc6  1/2-1/2

[Event "Cracovia Open A 2013-14"]
[Site "Krakow POL"]
[Date "2013.12.30"]
[Round "5.10"]
[White "Gbyl,A"]
[Black "Martynov,P2"]
[Result "0-1"]
[WhiteElo "2214"]
[BlackElo "2339"]

1.d4 Nf6 2.c4 g6 3.Nc3 Bg7 4.e4 O-O 5.Nf3 d6 6.Be2 e5 7.dxe5 dxe5 8.Qxd8 Rxd8
9.Bg5 Nbd7 10.Rd1 Rf8 11.Nd5 c6 12.Nxf6+ Nxf6 13.Nd2 Be6 14.O-O Rfe8 15.f3 Nd7
16.Nb1 Bf8 17.Be3 a5 18.Nc3 Nc5 19.Rd2 Rec8 20.Rfd1 Be7 21.Rc1 Kg7 22.Rdc2 a4
23.Nd5 cxd5 24.cxd5 Bd7 25.Bxc5 Bg5 26.Kf2 Bxc1 27.Rxc1 Ra5 28.Bb4 Rxc1 29.Bxa5 Rc2
30.Ke1 Rxb2 31.a3 f6 32.Bb4 b5 33.Kd1 Rb1+ 34.Kd2 Rg1 35.g3 Rg2 36.Ke3 g5
37.Bd3 Rxh2 38.f4 gxf4+ 39.gxf4  0-1